000 00910nam a2200241 a 4500
001 000035807
003 DO-SdBNP
005 20231121104251.0
008 100914s1986 sp abc r 000 0bspa d
040 _aDO-SdBNP
_bspa
_cBNPHU
082 4 _a956.94
_bH447i
_222
245 0 0 _aHechos de Israel /
_cedición, Ellen Hirsch ; traducción, Esther Benger.
260 _aJerusalen :
_bMinisterio de Relaciones Exteriores. División de Información de Jerusalén,
_c1986.
300 _a164 p. :
_bil., mapas, retrs. ;
_c21 cm.
504 _aBibliografía : p. 160-164
590 _aPerteneció a la biblioteca personal de Juan Isidro Jimenes Grullón.
651 4 _aIsrael
_xCondiciones sociales
_945492
651 4 _aIsrael
_xDescripciones y viajes
_945493
651 4 _aIsrael
_xCondiciones económicas
_945494
700 1 _aHirsch, Ellen
_eed.
_945495
700 1 _aBenger, Esther
_etr.
_934080
942 _2ddc
_cLBS1
999 _c35298
_d35298